书目信息 |
| 题名: |
世界旅游发展史
|
|
| 作者: | 彭顺生 著 | |
| 分册: | ||
| 出版信息: | 北京 中国旅游出版社 2006.40 |
|
| 页数: | ||
| 开本: | 16开 | |
| 丛书名: | ||
| 单 册: | ||
| 中图分类: | F591.9 | |
| 科图分类: | ||
| 主题词: | 旅游经济 | |
| 电子资源: | ||
| ISBN: | 7-5032-2868-7 | |
| 000 | 00518nam0 2200181 450 | |
| 001 | 0736196517 | |
| 005 | 20070924100316.51 | |
| 010 | @a7-5032-2868-7@d¥32.00 | |
| 100 | @a20070924d km y0chiy0120 ea | |
| 101 | 0 | @achi |
| 200 | 1 | @a世界旅游发展史@Ashi jie lu you fa zhan shi@f彭顺生 著@Fpeng shun sheng zhu |
| 210 | @a北京@c中国旅游出版社@d2006.40 | |
| 215 | @d16开 | |
| 606 | 0 | @a旅游经济 |
| 690 | @aF591.9@v3 | |
| 701 | 0 | @a彭顺生@Apeng shun sheng@4著 |
| 801 | 0 | @aCN@bPFT@c20070924 |
| 905 | @a213230@dF591.9@eZY71@f1 | |
| 世界旅游发展史/彭顺生 著.-北京:中国旅游出版社,2006.40 |
| 16开 |
| ISBN 7-5032-2868-7:¥32.00 |
| ● |
| 相关链接 |
|
|
|
|
正题名:世界旅游发展史
索取号:F591.9/ZY71
 
预约/预借
| 序号 | 登录号 | 条形码 | 馆藏地/架位号 | 状态 | 备注 |
| 1 | 7902105 | 279021050 | 密集书库-资源管理系/ [索取号:F591.9/ZY71] | 在馆 |